| 000 | 00569nam a22001695i 4500 | ||
|---|---|---|---|
| 001 | 47991 | ||
| 003 | ES-MaACL | ||
| 007 | t| | ||
| 008 | 940301s1829 sp ||||1| spa d | ||
| 040 |
_aAR _bspa |
||
| 100 | 1 |
_aCrespo, Rafael José de. _941531 |
|
| 245 | 1 | 0 |
_aDon Pápis de Bobadilla / _cpor Rafael José de Crespo. |
| 260 |
_aZaragoza : _b[s.n.], _c1829 ( _fPor Polo Monge) |
||
| 300 |
_a6 t. en 3 v. ; _c15 cm. |
||
| 500 | _aTít. en antep.: "Don Papis de Bobadilla ó sea Defensa del cristianismo y crítica de la seudo-filosofía" | ||
| 852 |
_aES-MaACL _jG-2677-9 |
||
| 999 |
_c47991 _d47991 |
||